[Event "Veterans 2018"]
[Site "Aubagne"]
[Date "2018.05.24"]
[Round "3.20"]
[White "Guidini, Rene"]
[Black "Souesme, Gerard"]
[Result "1-0"]
[WhiteElo "1464"]
[BlackElo "1380"]
[PlyCount "109"]

1. e4 c6 2. d4 d5 3. Nc3 dxe4 4. Nxe4 Bf5 5. Ng3 Bg6 6. h4 h6 7. Nf3 Nd7 8. h5
Bh7 9. Bd3 Bxd3 10. Qxd3 Ngf6 11. c4 e6 12. Qc2 Bb4+ 13. Bd2 Bxd2+ 14. Nxd2 O-O
15. O-O-O Nb6 16. Nf3 a5 17. Kb1 a4 18. Ne5 Qc7 19. Rhe1 Rfd8 20. f4 a3 21. b3
Rac8 22. f5 Re8 23. fxe6 Rxe6 24. Qf5 Nbd7 25. Ne4 Nxe5 26. Nxf6+ Rxf6 27. Qxe5
Qxe5 28. dxe5 Re6 29. Rd6 Rce8 30. Rxe6 Rxe6 31. Kc2 f6 32. Kd3 c5 33. Re4 Kf7
34. exf6 Kxf6 35. Rxe6+ Kxe6 36. Ke4 b6 37. g3 g6 38. hxg6 Kf6 39. g7 Kxg7 40.
Kd5 Kg6 41. Kc6 Kg5 42. Kxb6 Kg4 43. Kxc5 Kxg3 44. Kd4 h5 45. c5 h4 46. c6 h3
47. c7 h2 48. c8=Q h1=Q 49. Qg8+ Kf2 50. Qf7+ Ke2 51. Qc4+ Kf2 52. Qc2+ Kg3 53.
Qd3+ Kf4 54. Qe3+ Kf5 55. Qe5+ 1-0

[Event "Veterans 2018"]
[Site "Aubagne"]
[Date "2018.05.24"]
[Round "4.1"]
[White "Moncamp, Gilles"]
[Black "Blanc, Michel"]
[Result "1-0"]
[WhiteElo "2107"]
[BlackElo "1615"]
[PlyCount "65"]

1. e4 c6 2. d4 d5 3. e5 Bf5 4. Nc3 e6 5. g4 Bg6 6. Nge2 Nd7 7. h4 h5 8. Nf4 Ne7
9. Nxg6 Nxg6 10. Bg5 Be7 11. gxh5 Bxg5 12. hxg6 fxg6 13. Qg4 Bh6 14. Qxe6+ Qe7
15. Qxg6+ Qf7 16. Qxf7+ Kxf7 17. Bh3 Nf8 18. h5 Ne6 19. Bxe6+ Kxe6 20. Ke2 Rhf8
21. Rh4 Rf5 22. Rg1 Raf8 23. Rg6+ Ke7 24. Nd1 Rf4 25. Rgg4 Rxg4 26. Rxg4 Rf5
27. Rh4 Ke6 28. Ne3 Rg5 29. Ng4 Kf5 30. Nxh6+ gxh6 31. Kf3 Ke6 32. Ke3 Rg1 33.
Rf4 1-0

[Event "Veterans 2018"]
[Site "Aubagne"]
[Date "2018.05.24"]
[Round "4.2"]
[White "Porte, Jacques"]
[Black "Cescon, Moreno"]
[Result "0-1"]
[WhiteElo "1265"]
[BlackElo "1782"]
[PlyCount "70"]

1. d4 d5 2. c4 c6 3. Nc3 e6 4. Nf3 Nf6 5. Bg5 Be7 6. e3 Qa5 7. Bd3 Ne4 8. Bxe4
dxe4 9. Bxe7 Kxe7 10. Nd2 f5 11. O-O Nd7 12. Ne2 Nf6 13. Nf4 e5 14. dxe5 Qxe5
15. Rc1 Ng4 16. b3 g5 17. h3 Nxf2 18. Rxf2 gxf4 19. Rxf4 Be6 20. c5 Rad8 21.
Qc2 Rd3 22. Nc4 Bxc4 23. Qxc4 Rxe3 24. Qf1 Rf8 25. Qf2 Qd4 26. Qh4+ Ke6 27.
Qh6+ Rf6 28. Qxf6+ Kxf6 29. Kh2 Rc3 30. Rcf1 Rxc5 31. g3 Qd2+ 32. Kg1 Qc3 33.
Kg2 e3 34. Re4 Qc2+ 35. Kf3 fxe4+ 0-1

[Event "Veterans 2018"]
[Site "Aubagne"]
[Date "2018.05.24"]
[Round "4.3"]
[White "Colandrea, Sauveur"]
[Black "Strate, Francois"]
[Result "1-0"]
[WhiteElo "1737"]
[BlackElo "1412"]
[PlyCount "77"]

1. d4 d5 2. c4 e6 3. Nf3 Be7 4. Nc3 Nf6 5. Bf4 O-O 6. e3 c6 7. Bd3 Nbd7 8. Qc2
h6 9. h3 dxc4 10. Bxc4 Nb6 11. Bd3 Bb4 12. a3 Bd6 13. Ne5 Nbd5 14. Bg3 Re8 15.
e4 Nxc3 16. bxc3 Qc7 17. Qd2 Qa5 18. Nxc6 bxc6 19. Bxd6 Ba6 20. O-O Bxd3 21.
Qxd3 Qb5 22. Qc2 Qg5 23. f4 Qg6 24. Rae1 Nd7 25. Qa4 Rec8 26. Qa6 Nb6 27. a4 f5
28. a5 Nd7 29. e5 c5 30. Qb7 Qf7 31. d5 Qe8 32. g4 g6 33. gxf5 gxf5 34. Kh2 c4
35. Rg1+ Kh8 36. Re2 Qf7 37. Reg2 exd5 38. Rg7 Qh5 39. Qxd7 1-0

[Event "Veterans 2018"]
[Site "Aubagne"]
[Date "2018.05.24"]
[Round "4.4"]
[White "Pierrugues, Laurent"]
[Black "Reynaud, Jacques"]
[Result "0-1"]
[WhiteElo "1768"]
[BlackElo "1391"]
[PlyCount "46"]

1. e4 e5 2. Nf3 d6 3. d4 exd4 4. Nxd4 Nf6 5. Nc3 c6 6. Be2 Be7 7. O-O O-O 8.
Be3 Re8 9. Qd2 Bf8 10. f3 a6 11. a4 c5 12. Nf5 Bxf5 13. exf5 Nc6 14. Bg5 Nd4
15. Bd3 h6 16. Bh4 g5 17. fxg6 fxg6 18. Bxg6 Re5 19. Rae1 Bg7 20. Rxe5 dxe5 21.
Re1 Nxf3+ 22. gxf3 Qxd2 23. Rxe5 Qd4+ 0-1

[Event "Veterans 2018"]
[Site "Aubagne"]
[Date "2018.05.24"]
[Round "4.5"]
[White "Lassalle, Marc"]
[Black "Battaglia, Gerard"]
[Result "0-1"]
[WhiteElo "1405"]
[BlackElo "1749"]
[PlyCount "82"]

1. d4 Nf6 2. Bf4 g6 3. e3 Bg7 4. c4 d5 5. Nc3 c6 6. Be2 O-O 7. h4 h5 8. b3 Re8
9. Nf3 Nbd7 10. Ne5 Qa5 11. Qd2 dxc4 12. Bxc4 e6 13. Be2 Nd5 14. Ne4 Qxd2+ 15.
Kxd2 Nxf4 16. exf4 Rd8 17. Ke1 Nb6 18. Rd1 Nd5 19. g4 hxg4 20. Ng3 Nxf4 21.
Bxg4 f5 22. Bf3 Bxe5 23. dxe5 Rxd1+ 24. Bxd1 Nd3+ 25. Kf1 Nxe5 26. h5 g5 27. h6
Bd7 28. h7+ Kg7 29. Nh5+ Kxh7 30. Nf6+ Kg6 31. Nxd7 Nxd7 32. Bh5+ Kg7 33. Be2
Ne5 34. Rg1 Nf7 35. Bc4 Kf6 36. Kg2 Re8 37. Re1 e5 38. Rd1 Rd8 39. Re1 e4 40.
f3 exf3+ 41. Kxf3 Ne5+ 0-1

[Event "Veterans 2018"]
[Site "Aubagne"]
[Date "2018.05.24"]
[Round "4.6"]
[White "Hidreau, Olivier"]
[Black "Kleitz, Michel"]
[Result "0-1"]
[WhiteElo "1390"]
[BlackElo "1720"]
[PlyCount "102"]

1. e4 c5 2. c3 d5 3. exd5 Qxd5 4. d4 Nf6 5. Nf3 e6 6. Be2 Nc6 7. O-O Be7 8.
dxc5 Qxc5 9. Be3 Qa5 10. Ne1 O-O 11. f3 Nd5 12. Bf2 Nf4 13. Bc4 Rd8 14. Qc2 b5
15. Bb3 Bb7 16. Nd2 Rac8 17. Ne4 Nb4 18. Qb1 Nbd3 19. Nxd3 Nxd3 20. Be3 h6 21.
Bc2 Ne5 22. b4 Qc7 23. Qe1 Bd5 24. Nc5 Nc4 25. Qe2 Nxe3 26. Qxe3 Bxc5 27. bxc5
Qxc5 28. Qxc5 Rxc5 29. Rad1 Rxc3 30. Bb3 Rcc8 31. Kf2 Kf8 32. Rfe1 Bxb3 33.
axb3 Ke7 34. Kf1 Rxd1 35. Rxd1 a5 36. Ra1 Ra8 37. b4 a4 38. Rc1 a3 39. Ke2 Ra4
40. Ra1 Rxb4 41. Rxa3 Rb2+ 42. Kf1 f5 43. Ra7+ Kf6 44. Rb7 f4 45. h3 b4 46. Kg1
b3 47. Kh2 Rb1 48. Rb5 b2 49. g3 g5 50. Kg2 fxg3 51. Kxg3 Rg1+ 0-1

[Event "Veterans 2018"]
[Site "Aubagne"]
[Date "2018.05.24"]
[Round "4.7"]
[White "Deregnaucourt, Yves"]
[Black "Roman, Sylvian"]
[Result "1/2-1/2"]
[WhiteElo "1664"]
[BlackElo "1375"]
[PlyCount "49"]

1. e4 e5 2. Nf3 Nc6 3. Bc4 Bc5 4. c3 Nf6 5. d4 exd4 6. cxd4 Bb4+ 7. Nc3 Nxe4 8.
O-O Bxc3 9. d5 Bf6 10. Re1 Ne7 11. Rxe4 d6 12. Bg5 Bxg5 13. Nxg5 h6 14. Qe2
hxg5 15. Re1 Be6 16. dxe6 f5 17. Re3 d5 18. Rh3 Rf8 19. Bd3 g6 20. Qe5 Qd6 21.
Qg7 Qb4 22. Rd1 Qd6 23. Rh7 Qxe6 24. Kf1 Qf6 25. Re1 1/2-1/2

[Event "Veterans 2018"]
[Site "Aubagne"]
[Date "2018.05.24"]
[Round "4.8"]
[White "Vicari-Vento, Salvatore"]
[Black "Thiers, Jean-Jacques"]
[Result "1-0"]
[WhiteElo "1373"]
[BlackElo "1606"]
[PlyCount "46"]

1. e4 e5 2. Nf3 Nc6 3. Bb5 a6 4. Ba4 Nf6 5. O-O Be7 6. Re1 b5 7. Bb3 O-O 8. c3
Re8 9. h3 d6 10. d4 h6 11. Nbd2 Bf8 12. Bc2 Bd7 13. d5 Ne7 14. Nf1 Nh7 15. Ng3
Ng6 16. Nf5 Qc8 17. b3 Nf6 18. Nh2 Ne7 19. g4 Kh7 20. Qd2 Nxf5 21. exf5 Be7 22.
Bd1 Rg8 23. Kh1 g6 1-0

[Event "Veterans 2018"]
[Site "Aubagne"]
[Date "2018.05.24"]
[Round "4.9"]
[White "Desjardins, Rene"]
[Black "Derien, Robert"]
[Result "1-0"]
[WhiteElo "1363"]
[BlackElo "1557"]
[PlyCount "61"]

1. e4 d5 2. Nc3 d4 3. Nd5 c6 4. Nf4 e5 5. Nh5 Nd7 6. d3 Ndf6 7. Be2 Nxh5 8.
Bxh5 Nf6 9. Bg5 Qa5+ 10. Bd2 Bb4 11. Bf3 O-O 12. Ne2 Bg4 13. c3 dxc3 14. Nxc3
Bxf3 15. Qxf3 Rad8 16. a3 Qa6 17. O-O Bxc3 18. Bxc3 Rxd3 19. Qf5 Nd7 20. Rfd1
Rd8 21. h4 g6 22. Qg5 Nf8 23. Rxd3 Rxd3 24. Qxe5 Rxc3 25. Qxc3 Ne6 26. Rd1 c5
27. e5 Nd4 28. Qxc5 Ne2+ 29. Kh2 Nf4 30. Rd8+ Kg7 31. Qf8# 1-0

[Event "Veterans 2018"]
[Site "Aubagne"]
[Date "2018.05.24"]
[Round "4.10"]
[White "Rocchia, Alex"]
[Black "Rouaud, Robert"]
[Result "0-1"]
[WhiteElo "1275"]
[BlackElo "1364"]
[PlyCount "60"]

1. e4 e5 2. Nf3 d6 3. Bc4 h6 4. d3 Be7 5. c3 Nf6 6. Nbd2 a6 7. a4 Bg4 8. Qb3
Bxf3 9. Bxf7+ Kf8 10. Nxf3 Nbd7 11. Bg6 d5 12. exd5 Ne8 13. d6 Nxd6 14. O-O b6
15. Re1 Bf6 16. Nxe5 Nxe5 17. d4 Nxg6 18. Bd2 Qd7 19. Re2 Qf7 20. Qc2 Ne7 21.
b3 Qg6 22. Qd1 Kf7 23. Qe1 Rhe8 24. Qf1 Nef5 25. Rae1 Rxe2 26. Qxe2 Re8 27.
Qxa6 Nh4 28. g3 Nf3+ 29. Kf1 Nxd2+ 30. Kg2 Rxe1 0-1

[Event "Veterans 2018"]
[Site "Aubagne"]
[Date "2018.05.24"]
[Round "4.11"]
[White "Cotton, Paul"]
[Black "Olive, Alain"]
[Result "1-0"]
[WhiteElo "1386"]
[BlackElo "1182"]
[PlyCount "43"]

1. Nf3 b6 2. g3 Bb7 3. Bg2 c6 4. c4 d5 5. cxd5 cxd5 6. d4 Bc6 7. O-O f6 8. Nc3
e5 9. dxe5 Nd7 10. Nxd5 Nxe5 11. Nxe5 fxe5 12. e4 g6 13. a3 Nf6 14. Nxf6+ Qxf6
15. b4 Rd8 16. Qc2 Qe6 17. Bb2 Bg7 18. Rfd1 O-O 19. Bf1 Qe8 20. Rxd8 Qxd8 21.
Qxc6 Qd2 22. Qd5+ 1-0

[Event "Veterans 2018"]
[Site "Aubagne"]
[Date "2018.05.24"]
[Round "4.12"]
[White "Bertrand, Frederic"]
[Black "Ulloa, Philippe"]
[Result "1/2-1/2"]
[WhiteElo "1579"]
[BlackElo "1329"]
[PlyCount "92"]

1. e4 c5 2. c3 d6 3. d4 cxd4 4. cxd4 Nf6 5. Nc3 Nc6 6. Nf3 Qa5 7. Bd2 Qb6 8.
Na4 Qc7 9. Rc1 Qb8 10. Nc3 Bg4 11. Be3 a6 12. Be2 e5 13. O-O Bxf3 14. Bxf3 Be7
15. Nd5 Nxd5 16. exd5 Nd8 17. Bg4 O-O 18. Rc8 Qa7 19. dxe5 b6 20. Rxa8 Qxa8 21.
Bxb6 dxe5 22. d6 Bf6 23. Qb3 Nb7 24. Bf3 Qb8 25. Bc7 Nc5 26. Qc2 Qa7 27. b4 Ne6
28. Bg4 Nxc7 29. Qxc7 Qd4 30. Bd7 Qxb4 31. Rd1 Rb8 32. Rc1 Bd8 33. Qc2 Qxd6 34.
Rd1 Qf6 35. Bf5 g6 36. Be4 Bb6 37. Kf1 Bd4 38. f3 Rb2 39. Qc8+ Kg7 40. Qh3 Rf2+
41. Ke1 Rxa2 42. Bd5 Bc3+ 43. Kf1 Rb2 44. Rc1 Bd4 45. Rc7 Rb1+ 46. Ke2 Rb2+
1/2-1/2

[Event "Veterans 2018"]
[Site "Aubagne"]
[Date "2018.05.24"]
[Round "4.13"]
[White "Graells, Christian"]
[Black "Lognos, Lina"]
[Result "1-0"]
[WhiteElo "1520"]
[BlackElo "1004"]
[PlyCount "83"]

1. e4 c5 2. Nc3 Nc6 3. Nf3 d6 4. Be2 g6 5. d4 cxd4 6. Nxd4 Bd7 7. O-O Bg7 8.
Nf3 e5 9. Qxd6 Nge7 10. Nd5 Nxd5 11. Qxd5 O-O 12. c3 a5 13. Bc4 Be6 14. Qc5
Bxc4 15. Qxc4 Ne7 16. Bg5 h6 17. Bh4 Kh7 18. Rad1 Qb6 19. Bxe7 Rfc8 20. Qe2 Re8
21. Bh4 a4 22. Rd5 a3 23. b3 Rec8 24. c4 g5 25. Bg3 Qb4 26. Bxe5 Bxe5 27. Nxe5
Qc3 28. Qh5 Rc7 29. Ng4 Kg7 30. Rd6 Rh8 31. Rxh6 Rxh6 32. Qxh6+ Kg8 33. Nf6+
Qxf6 34. Qxf6 Rd7 35. Qxg5+ Kf8 36. g4 Rd2 37. Qc5+ Kg7 38. h4 Rxa2 39. Qg5+
Kf8 40. h5 Rb2 41. Rd1 a2 42. Rd8# 1-0

[Event "Veterans 2018"]
[Site "Aubagne"]
[Date "2018.05.24"]
[Round "4.14"]
[White "Pietrac, Christian"]
[Black "Marku, Demeter"]
[Result "1/2-1/2"]
[WhiteElo "1242"]
[BlackElo "1510"]
[PlyCount "139"]

1. Nf3 Nc6 2. g3 e5 3. d3 Bc5 4. Bg2 d5 5. O-O Nf6 6. Nbd2 O-O 7. e4 dxe4 8.
Nxe4 Nxe4 9. dxe4 Qf6 10. Bg5 Qg6 11. Re1 Bg4 12. Qc1 h6 13. Nh4 Qxg5 14. Qxg5
hxg5 15. Nf3 f6 16. c3 Rad8 17. b4 Bb6 18. h3 Bxf3 19. Bxf3 Rd2 20. Re2 Rfd8
21. Kg2 R8d3 22. Bg4 Rxe2 23. Bxe2 Rxc3 24. Rb1 Rc2 25. Re1 Nd4 26. Bd3 Rxa2
27. Bc4+ Kh7 28. Bxa2 g6 29. Bd5 c6 30. Bc4 a5 31. Rb1 Bc7 32. bxa5 Bxa5 33.
Rxb7+ Kh6 34. Rb8 g4 35. h4 Nf3 36. Rf8 Nd2 37. Be6 Nxe4 38. Bxg4 f5 39. Bf3
Bb4 40. Re8 Bc3 41. Rc8 Nd2 42. Bxc6 e4 43. Bd7 Bg7 44. g4 f4 45. Kh3 Nf3 46.
Be8 e3 47. fxe3 fxe3 48. Bb5 e2 49. g5+ Kh7 50. Bxe2 Ng1+ 51. Kg2 Nxe2 52. Kf3
Nd4+ 53. Ke4 Nf5 54. h5 Ng3+ 55. Kf3 Nxh5 56. Rc7 Kg8 57. Rb7 Kf8 58. Kg4 Be5
59. Rb5 Bd6 60. Rb7 Be7 61. Rb8+ Kf7 62. Rb7 Ng7 63. Rb5 Ne6 64. Rb7 Nxg5 65.
Rxe7+ Kxe7 66. Kxg5 Kf7 67. Kf4 Kf6 68. Kg4 g5 69. Kf3 Kf5 70. Kg3 1/2-1/2

[Event "Veterans 2018"]
[Site "Aubagne"]
[Date "2018.05.24"]
[Round "4.15"]
[White "Autouard, Jean-Luc"]
[Black "Guidini, Rene"]
[Result "0-1"]
[WhiteElo "1240"]
[BlackElo "1464"]
[PlyCount "94"]

1. e4 c5 2. Nc3 d6 3. f4 a6 4. Nf3 e6 5. Bc4 b5 6. Be2 Bb7 7. d3 Nd7 8. O-O
Ngf6 9. Qe1 Qc7 10. f5 exf5 11. Nd5 Nxd5 12. exd5 Be7 13. Ng5 O-O 14. Rxf5 Nf6
15. Qh4 h6 16. Nf3 Nxd5 17. Qg3 Rfe8 18. Bxh6 Bf8 19. Rf1 g6 20. Bxf8 Kxf8 21.
Qxg6 Re6 22. Qh5 Ne3 23. Ng5 Nxf5 24. Nxe6+ fxe6 25. Qh8+ Ke7 26. Qh7+ Kd8 27.
Qg8+ Kd7 28. Qf7+ Kc6 29. Qxe6 Nd4 30. Qe4+ Kb6 31. Qg4 Nxe2+ 32. Qxe2 Rg8 33.
Rf2 Qg7 34. c3 b4 35. cxb4 Qd4 36. bxc5+ Qxc5 37. g3 Qc6 38. Qe3+ Kb5 39. Rf5+
d5 40. d4 Kb6 41. Qb3+ Ka7 42. Rf1 Re8 43. a4 a5 44. Qa2 Re2 45. Qb1 Qe6 46. b4
Qe3+ 47. Kh1 Qd2 0-1

[Event "Veterans 2018"]
[Site "Aubagne"]
[Date "2018.05.24"]
[Round "4.16"]
[White "Masson, Wally"]
[Black "Betry, Bernard"]
[Result "1-0"]
[WhiteElo "1150"]
[BlackElo "1220"]
[PlyCount "102"]

1. e4 c5 2. Bc4 Nf6 3. d3 g6 4. Be3 e6 5. Nf3 Nc6 6. Nc3 d5 7. exd5 exd5 8. Bb5
Qd6 9. d4 b6 10. Bxc6+ Qxc6 11. Ne5 Qe6 12. Qd3 a6 13. O-O Qf5 14. Rfe1 Qxd3
15. Nxd3 Bf5 16. Bg5+ Ne4 17. f3 Bg7 18. fxe4 Bxd4+ 19. Kh1 dxe4 20. Nxe4 O-O
21. c3 Bg7 22. Rad1 f6 23. Bh4 Rad8 24. Ndf2 Rde8 25. Nd6 Rxe1+ 26. Rxe1 Bd7
27. h3 f5 28. Be7 Re8 29. Nxe8 Bxe8 30. Bf6 Bf7 31. Bxg7 Kxg7 32. b3 b5 33. Re7
Kf6 34. Rc7 c4 35. Rc6+ Kg5 36. b4 Bd5 37. Rxa6 Kf4 38. Kh2 Ke3 39. Kg3 f4+ 40.
Kh2 Kxf2 41. Ra5 Bxg2 42. Rxb5 h6 43. Rb6 Be4 44. Rf6 f3 45. Rf4 Ke3 46. Kg3 g5
47. Rf6 f2 48. Rxf2 h5 49. Rf6 h4+ 50. Kg4 Bg2 51. Kxg5 Kd2 1-0

[Event "Veterans 2018"]
[Site "Aubagne"]
[Date "2018.05.24"]
[Round "4.17"]
[White "Gaudfernau, Pierre"]
[Black "Boudet, Nicole"]
[Result "1-0"]
[WhiteElo "1245"]
[BlackElo "1071"]
[PlyCount "127"]

1. d4 Nf6 2. c4 d5 3. c5 Bf5 4. Nf3 e6 5. e3 Be7 6. Bb5+ c6 7. Be2 Ne4 8. O-O
O-O 9. Qb3 b5 10. Nbd2 a5 11. Nxe4 Bxe4 12. Ne5 a4 13. Qd1 Nd7 14. Nxc6 Qe8 15.
f3 Bg6 16. Bxb5 Bxc5 17. dxc5 Nxc5 18. Qd4 Nd7 19. Bxa4 e5 20. Qb4 Qe6 21. Ne7+
Kh8 22. Nxg6+ fxg6 23. Bd2 Rf5 24. Bxd7 Qxd7 25. e4 Rg5 26. Bxg5 h6 27. Bh4
Qa7+ 28. Bf2 d4 29. Qd6 Qa4 30. Qxe5 d3 31. Bd4 Rg8 32. Rfd1 Qc2 33. Rac1 Qe2
34. Rc8 Qxd1+ 35. Kf2 Qe2+ 36. Kg3 Qe1+ 37. Kf4 Qd2+ 38. Kg3 Qg5+ 39. Qxg5 hxg5
40. Rc1 Rd8 41. Be3 g4 42. Kxg4 Kh7 43. Rd1 g5 44. b4 Rd6 45. b5 Kg6 46. b6 d2
47. Rxd2 Rxb6 48. Bxb6 Kf6 49. Rd6+ Ke5 50. Rd5+ Ke6 51. Rxg5 Kf7 52. e5 g6 53.
f4 Kg7 54. e6 Kf8 55. Bc5+ Ke8 56. Rxg6 Kd8 57. e7+ Ke8 58. f5 Kf7 59. Kg5 Ke8
60. Kf6 Kd7 61. Rg8 Kc7 62. e8=Q Kb7 63. Qe6 Kc7 64. Rg7+ 1-0

[Event "Veterans 2018"]
[Site "Aubagne"]
[Date "2018.05.24"]
[Round "4.18"]
[White "Amoros, Jean"]
[Black "Periale, Albert"]
[Result "1-0"]
[WhiteElo "1453"]
[BlackElo "1297"]
[PlyCount "73"]

1. e4 e5 2. Nf3 Nc6 3. Bc4 Be7 4. O-O Nf6 5. d4 d6 6. d5 Na5 7. Bd3 b6 8. b4
Nb7 9. c4 O-O 10. h3 a6 11. Nc3 a5 12. b5 Nc5 13. Bc2 Bd7 14. Re1 Re8 15. Na4
Qc8 16. Nxc5 bxc5 17. a4 Bxh3 18. gxh3 Qxh3 19. Nh2 Qd7 20. Re3 Kh8 21. Rg3 Rg8
22. Kh1 h5 23. Bg5 g6 24. Qd2 Rg7 25. Rag1 Rh7 26. Kg2 Ra7 27. Kf1 Ra8 28. f4
exf4 29. Qxf4 Qd8 30. Nf3 Kg7 31. Nh4 Kh8 32. e5 dxe5 33. Qxe5 Ra7 34. Bxg6
fxg6 35. Bxf6+ Bxf6 36. Nxg6+ Kg7 37. Ne7+ 1-0

[Event "Veterans 2018"]
[Site "Aubagne"]
[Date "2018.05.24"]
[Round "4.19"]
[White "Souesme, Gerard"]
[Black "Sirvente, Jean-Jacques"]
[Result "1-0"]
[WhiteElo "1380"]
[BlackElo "1090"]
[PlyCount "83"]

1. e4 e5 2. Nf3 d6 3. c3 Nf6 4. d3 Bg4 5. Nbd2 d5 6. Be2 Bc5 7. Nxe5 Bxe2 8.
Qxe2 O-O 9. d4 Bb6 10. O-O Re8 11. Qd3 c6 12. exd5 Qxd5 13. Ndf3 Nbd7 14. Nxd7
Qxd7 15. Bg5 Bd8 16. Rfe1 h6 17. Bxf6 Bxf6 18. Re3 Re7 19. Rae1 Rae8 20. Rxe7
Rxe7 21. Rxe7 Qxe7 22. Kf1 Qe6 23. b3 Bd8 24. Qe2 Qxe2+ 25. Kxe2 g5 26. g4 Kg7
27. Ke3 Kg6 28. Ke4 Bc7 29. h3 a6 30. a4 Bb6 31. c4 c5 32. d5 Kf6 33. Ne5 Bc7
34. Nd7+ Ke7 35. Nxc5 b6 36. Nxa6 Bd6 37. Kd4 Bh2 38. Nb4 Kd6 39. Nd3 f6 40. b4
Be5+ 41. Nxe5 fxe5+ 42. Ke4 1-0

[Event "Veterans 2018"]
[Site "Aubagne"]
[Date "2018.05.31"]
[Round "5.1"]
[White "Cescon, Moreno"]
[Black "Moncamp, Gilles"]
[Result "0-1"]
[WhiteElo "1782"]
[BlackElo "2107"]
[PlyCount "84"]

1. e4 e5 2. Nf3 Nc6 3. Bc4 Bc5 4. O-O Nf6 5. c3 Nxe4 6. Qe2 d5 7. Bb5 O-O 8.
Bxc6 bxc6 9. Nxe5 a5 10. d4 Ba6 11. c4 Bxd4 12. Nxc6 Bxc4 13. Qxc4 dxc4 14.
Nxd8 Raxd8 15. Na3 c3 16. bxc3 Bc5 17. g3 Nxc3 18. Bb2 Na4 19. Nc4 Nxb2 20.
Nxb2 Rd2 21. Rab1 Re8 22. Na4 Bd4 23. Rbd1 Bxf2+ 24. Kh1 Rxd1 25. Rxd1 Re1+ 26.
Rxe1 Bxe1 27. Kg2 Kf8 28. Kf3 Bb4 29. Nb2 Ke7 30. Nc4 Ke6 31. Ke4 f5+ 32. Kd3
a4 33. a3 Bc5 34. Nb2 Bxa3 35. Nxa4 g5 36. Nc3 Ke5 37. Nb5 Bd6 38. Nd4 g4 39.
Nc6+ Kf6 40. Nd4 f4 41. Ne2 f3 42. Nc3 h5 0-1

[Event "Veterans 2018"]
[Site "Aubagne"]
[Date "2018.05.31"]
[Round "5.2"]
[White "Battaglia, Gerard"]
[Black "Colandrea, Sauveur"]
[Result "0-1"]
[WhiteElo "1749"]
[BlackElo "1737"]
[PlyCount "86"]

1. d4 Nf6 2. c4 e6 3. Nf3 b6 4. g3 Ba6 5. Qc2 Bb4+ 6. Bd2 Be7 7. Bg2 c6 8. O-O
d5 9. b3 O-O 10. Bf4 Nbd7 11. Nbd2 Rc8 12. e4 c5 13. exd5 exd5 14. Rfe1 Bb7 15.
Qb2 Nh5 16. Be3 Nhf6 17. Ne5 Re8 18. Nxd7 Qxd7 19. Red1 dxc4 20. Bxb7 Qxb7 21.
Nxc4 Nd5 22. h4 Nxe3 23. fxe3 Qf3 24. Qf2 Qxf2+ 25. Kxf2 cxd4 26. exd4 Red8 27.
Rd3 Rc7 28. Rad1 b5 29. Ne3 g6 30. Kf3 Rcd7 31. Ng4 f6 32. d5 Kg7 33. Nf2 f5
34. Nh3 Bd6 35. Ng5 Rc8 36. Ne6+ Kf6 37. Nd4 a6 38. Nc6 Re8 39. a4 bxa4 40.
bxa4 h6 41. Rb1 g5 42. Rb6 g4+ 43. Kf2 Bc5+ 0-1

[Event "Veterans 2018"]
[Site "Aubagne"]
[Date "2018.05.31"]
[Round "5.3"]
[White "Kleitz, Michel"]
[Black "Vicari-Vento, Salvatore"]
[Result "1-0"]
[WhiteElo "1720"]
[BlackElo "1373"]
[PlyCount "94"]

1. d4 Nf6 2. c4 d6 3. Nc3 g6 4. e4 Bg7 5. f3 O-O 6. Be3 Nbd7 7. Nge2 a5 8. Qd2
e5 9. d5 b6 10. Nc1 Ba6 11. Be2 Re8 12. O-O Kh8 13. b3 Ng8 14. Nd3 Nc5 15. Nxc5
bxc5 16. Rab1 Qd7 17. Qc2 f5 18. exf5 Qxf5 19. Bd3 Qf6 20. Ne4 Qe7 21. Qd2 Nf6
22. Ng5 Bh6 23. h4 Bxg5 24. Bxg5 Qf7 25. Rbe1 Nh5 26. Kh2 Nf4 27. Bc2 a4 28.
Qc3 axb3 29. axb3 Kg8 30. g3 Nh5 31. Kg2 Bc8 32. Qe3 Bf5 33. Bd1 Ra2+ 34. Re2
Rxe2+ 35. Bxe2 Ng7 36. g4 Bd7 37. Ra1 Rc8 38. Qc3 h5 39. Rf1 Qe8 40. Kg3 Ra8
41. Qc2 Kh7 42. Bd3 e4 43. Bxe4 Qc8 44. Bxg6+ Kh8 45. Qe2 hxg4 46. fxg4 Ra3 47.
Qf3 Bxg4 1-0

[Event "Veterans 2018"]
[Site "Aubagne"]
[Date "2018.05.31"]
[Round "5.4"]
[White "Blanc, Michel"]
[Black "Porte, Jacques"]
[Result "1-0"]
[WhiteElo "1615"]
[BlackElo "1265"]
[PlyCount "77"]

1. d4 d5 2. Bf4 c6 3. e3 Nf6 4. Nd2 e6 5. Bd3 Bd6 6. Bg3 Bxg3 7. hxg3 Qb6 8. b3
Nbd7 9. Ngf3 c5 10. c3 cxd4 11. cxd4 O-O 12. Ne5 g6 13. Nxd7 Nxd7 14. O-O f5
15. Nf3 Qd6 16. Qc2 Nf6 17. Rac1 Bd7 18. Qc7 Qxc7 19. Rxc7 b6 20. Rfc1 Rfc8 21.
Ba6 Rxc7 22. Rxc7 Kf8 23. Ne5 Ke7 24. Nxd7 Nxd7 25. Bb5 Rd8 26. Rxa7 Kd6 27.
Rb7 Nf8 28. Rxb6+ Kc7 29. Rc6+ Kb7 30. a4 Rc8 31. Rxc8 Kxc8 32. Kf1 Kc7 33. Ke2
Kb6 34. Kd3 e5 35. dxe5 Ne6 36. Kc3 Kc5 37. b4+ Kb6 38. Bd7 Nf8 39. e6 1-0

[Event "Veterans 2018"]
[Site "Aubagne"]
[Date "2018.05.31"]
[Round "5.5"]
[White "Desjardins, Rene"]
[Black "Reynaud, Jacques"]
[Result "0-1"]
[WhiteElo "1363"]
[BlackElo "1391"]
[PlyCount "77"]

1. e4 e5 2. Nc3 Nf6 3. Nf3 d6 4. Bc4 h6 5. h3 Be7 6. a3 c6 7. d3 O-O 8. Be3 Re8
9. Qd2 b5 10. Ba2 Bf8 11. O-O-O a5 12. Nh4 Nxe4 13. Nxe4 Qxh4 14. g3 Qe7 15. g4
d5 16. Bc5 Qd7 17. Bxf8 dxe4 18. Bc5 Na6 19. Be3 Kh7 20. dxe4 Qe7 21. Qxa5 Be6
22. Bxe6 Qxe6 23. Kb1 Qe7 24. Qb6 Qe6 25. Qa5 Reb8 26. f4 b4 27. Qxe5 Qxe5 28.
fxe5 bxa3 29. b3 Nb4 30. Bc5 a2+ 31. Kb2 Na6 32. Bd6 Rb5 33. Kxa2 Nc5+ 34. Kb2
Nxe4 35. Ra1 Rxa1 36. Rxa1 f6 37. Re1 Nd2 38. Kc3 Nf3 39. Re3 0-1

[Event "Veterans 2018"]
[Site "Aubagne"]
[Date "2018.05.31"]
[Round "5.6"]
[White "Rouaud, Robert"]
[Black "Deregnaucourt, Yves"]
[Result "1/2-1/2"]
[WhiteElo "1364"]
[BlackElo "1664"]
[PlyCount "71"]

1. e4 e5 2. Bc4 Nf6 3. d3 Bc5 4. h3 d6 5. Bg5 h6 6. Bxf6 Qxf6 7. Qf3 Qe7 8. a3
Nc6 9. Ne2 Be6 10. Bxe6 Qxe6 11. O-O O-O 12. c3 h5 13. Nd2 g6 14. b4 Bb6 15.
Nc4 Ne7 16. Nxb6 axb6 17. Rfb1 g5 18. d4 g4 19. Qe3 Kg7 20. Kh2 Rh8 21. Rb2 f5
22. exf5 Nxf5 23. Qd3 e4 24. Nf4 Qe8 25. Qd2 g3+ 26. Kg1 gxf2+ 27. Qxf2 e3 28.
Qe2 Ng3 29. Qd3 Qf7 30. Qxe3 Rh6 31. Re1 Rf6 32. Rf2 Nf5 33. Qf3 Nh4 34. Qe3
Nf5 35. Qf3 Nh4 36. Qe3 1/2-1/2

[Event "Veterans 2018"]
[Site "Aubagne"]
[Date "2018.05.31"]
[Round "5.7"]
[White "Strate, Francois"]
[Black "Roman, Sylvian"]
[Result "1/2-1/2"]
[WhiteElo "1412"]
[BlackElo "1375"]
[PlyCount "63"]

1. Nf3 Nf6 2. d4 d5 3. c4 g6 4. cxd5 Bg7 5. Nc3 Nxd5 6. Nxd5 Qxd5 7. e3 O-O 8.
Be2 Bf5 9. O-O Nc6 10. b3 Nb4 11. Ba3 Qa5 12. Bxb4 Qxb4 13. Rc1 Qd6 14. h3 Bf6
15. Nd2 Bg7 16. e4 Bd7 17. Nf3 Qb6 18. e5 Bf5 19. Bc4 Rad8 20. g4 Be4 21. Ng5
Rxd4 22. Qe2 Bd5 23. Bxd5 Rxd5 24. Nf3 e6 25. Rfd1 c6 26. Kh2 Qc7 27. Rxd5 exd5
28. Kg2 Re8 29. Re1 Re6 30. h4 f6 31. g5 f5 32. Kh3 1/2-1/2

[Event "Veterans 2018"]
[Site "Aubagne"]
[Date "2018.05.31"]
[Round "5.8"]
[White "Cavanihac, Claude"]
[Black "Pierrugues, Laurent"]
[Result "0-1"]
[WhiteElo "1495"]
[BlackElo "1768"]
[PlyCount "40"]

1. d4 Nf6 2. c4 g6 3. Nc3 Bg7 4. e4 d6 5. Nf3 O-O 6. Be2 e5 7. dxe5 dxe5 8.
Qxd8 Rxd8 9. Nxe5 Nxe4 10. Nxf7 Bxc3+ 11. bxc3 Kxf7 12. Bb2 Nc5 13. Rd1 Rxd1+
14. Bxd1 Nd3+ 15. Kd2 Nxb2 16. Bb3 Be6 17. Rb1 Nxc4+ 18. Bxc4 Bxc4 19. Rxb7 Na6
20. f3 Re8 0-1